000 00508nam a2200145Ia 4500
005 20260121165316.0
008 260121s9999 xx 000 0 und d
041 _amar
082 _a954.03
100 _aपटवादकार, दीपाली
245 _aस्वातंत्र्यलढा चर्चा आणि मिशनरि
260 _bभारतीय विचार साधना पुणे
_c2022
300 _a48
650 _aमराठी साहित्य
999 _c370032
_d370032